[Event "Ruhrgebiet-ch U16"]
[Site "Muelheim"]
[Date "2003.04.16"]
[Round "7"]
[White "Alesinsky, Bakir"]
[Black "Reininghaus, Dennis"]
[Result "0-1"]
[WhiteElo "1422"]
[BlackElo "1382"]
[PlyCount "102"]
[EventDate "2003.04.??"]
[EventType "swiss"]
[EventRounds "7"]
[EventCountry "GER"]
[SourceTitle "EXT 2005"]
[Source "ChessBase"]
[SourceDate "2004.11.15"]
[SourceVersion "1"]
[SourceVersionDate "2004.11.15"]
[SourceQuality "1"]

1. d4 d5 2. c4 e6 3. Nc3 Nf6 4. a3 c6 5. Bg5 Be7 6. Nf3 0-0 7. e3 Nbd7 8. Bd3 h6 9. Bf4 b6 10. b4 Bb7 11. 0-0 Re8 12. Ne5 Nxe5 13. Bxe5 Nd7 14. Bg3 Bh4 15. Qf3 Bxg3 16. fxg3 Qe7 17. e4 Nf6 18. e5 Nd7 19. Rf2 c5 20. bxc5 bxc5 21. Qe3 cxd4 22. Qxd4 dxc4 23. Bxc4 Red8 24. Qf4 Nf8 25. Nb5 Ng6 26. Qe3 Ba6 27. Nd6 Nxe5 28. Qxe5 Qxd6 29. Qf4 Bxc4 30. Qxc4 Qd4 31. Qxd4 Rxd4 32. Raf1 Rd7 33. Rb2 Rad8 34. a4 Kf8 35. Rfb1 Ke7 36. Rb7 Rxb7 37. Rxb7+ Rd7 38. Rb1 e5 39. a5 Ke6 40. Kf2 Rd5 41. a6 Ra5 42. Ke3 Rxa6 43. Rb5 Rb6 44. Ra5 a6 45. Ke4 f5+ 46. Ke3 g5 47. h3 f4+ 48. gxf4 gxf4+ 49. Ke4 Rb4+ 50. Kf3 Rb3+ 51. Ke4 Re3# 0-1

[Event "Ruhrgebiet-ch U16"]
[Site "Muelheim"]
[Date "2003.04.15"]
[Round "5"]
[White "Alesinsky, Bakir"]
[Black "Heyden, Stefan"]
[Result "1-0"]
[WhiteElo "1422"]
[BlackElo "1312"]
[PlyCount "49"]
[EventDate "2003.04.??"]
[EventType "swiss"]
[EventRounds "7"]
[EventCountry "GER"]
[SourceTitle "EXT 2005"]
[Source "ChessBase"]
[SourceDate "2004.11.15"]
[SourceVersion "1"]
[SourceVersionDate "2004.11.15"]
[SourceQuality "1"]

1. d4 d5 2. c4 e6 3. a3 Nf6 4. Nf3 b6 5. Nc3 Nbd7 6. Bg5 Be7 7. e3 Ba6 8. Bxf6 Bxf6 9. Qa4 Bb7 10. Bd3 a6 11. Qb3 c6 12. c5 Qc7 13. cxb6 Nxb6 14. 0-0 0-0 15. Qc2 Rfe8 16. Bxh7+ Kh8 17. Bd3 Nd7 18. Rac1 Rab8 19. Rfe1 e5 20. Nxd5 Qd6 21. Nxf6 Qxf6 22. Bf5 Nf8 23. Nxe5 g6 24. Be4 Qg5 25. Nxf7+ 1-0

[Event "Ruhrgebiet-ch U16"]
[Site "Muelheim"]
[Date "2003.04.14"]
[Round "4"]
[White "Grodotzki, Kenneth"]
[Black "Alesinsky, Bakir"]
[Result "1-0"]
[WhiteElo "1692"]
[BlackElo "1422"]
[PlyCount "51"]
[EventDate "2003.04.??"]
[EventType "swiss"]
[EventRounds "7"]
[EventCountry "GER"]
[SourceTitle "EXT 2005"]
[Source "ChessBase"]
[SourceDate "2004.11.15"]
[SourceVersion "1"]
[SourceVersionDate "2004.11.15"]
[SourceQuality "1"]

1. e4 c5 2. Nf3 e6 3. d4 cxd4 4. Nxd4 Qc7 5. Nc3 Bb4 6. Ndb5 Bxc3+ 7. Nxc3 Nf6 8. Be3 a6 9. f3 Nc6 10. Qd2 0-0 11. g4 Ne5 12. Be2 Nc4 13. Bxc4 Qxc4 14. h4 Rd8 15. Bg5 Qc5 16. 0-0-0 d6 17. h5 Re8 18. h6 Nd7 19. hxg7 b5 20. Rxh7 Kxh7 21. Qh2+ Kxg7 22. Qh6+ Kg8 23. Rh1 f6 24. Qh8+ Kf7 25. Rh7+ Kg6 26. Qg7# 1-0

[Event "Ruhrgebiet-ch U16"]
[Site "Muelheim"]
[Date "2002.03.26"]
[Round "6"]
[White "Alesinsky, Bakir"]
[Black "Beyersdorff, Marc Andre"]
[Result "0-1"]
[WhiteElo "1177"]
[BlackElo "968"]
[PlyCount "91"]
[EventDate "2002.??.??"]
[EventType "swiss"]
[EventRounds "7"]
[EventCountry "GER"]
[SourceTitle "EXT 2003"]
[Source "ChessBase"]
[SourceDate "2002.11.25"]
[SourceVersion "1"]
[SourceVersionDate "2002.11.25"]
[SourceQuality "1"]

1. d4 d5 2. c4 dxc4 3. e3 Nf6 4. Bxc4 Nc6 5. Nc3 e6 6. Nf3 Bb4 7. Bd2 0-0 8. 0-0 Bd7 9. a3 Bxc3 10. Bxc3 Nd5 11. Bxd5 exd5 12. Re1 Re8 13. Ne5 a6 14. e4 dxe4 15. Rxe4 f6 16. Qb3+ Be6 17. Qxb7 fxe5 18. Qxc6 Bd5 19. Qa4 Bxe4 20. dxe5 Bd5 21. Qg4 Qe7 22. Rd1 c6 23. f4 h6 24. f5 Qg5 25. Qxg5 hxg5 26. Rd3 Be4 27. Rg3 Bxf5 28. Rxg5 Be6 29. h4 Kf7 30. h5 Rh8 31. Kh2 g6 32. g4 Rag8 33. Kg3 gxh5 34. Rxg8 Rxg8 35. g5 Rxg5+ 36. Kf3 h4 37. Bd2 Rh5 38. Bf4 Kg6 39. b4 Kf5 40. b5 cxb5 41. a4 bxa4 42. Bc1 h3 43. Kg3 h2 44. Bg5 h1Q 45. Kf2 Rh3 46. Bf4 0-1

[Event "Ruhrgebiet-ch U16"]
[Site "Muelheim"]
[Date "2002.03.26"]
[Round "5"]
[White "Tihonenkov, Nikolaj"]
[Black "Alesinsky, Bakir"]
[Result "1-0"]
[WhiteElo "1268"]
[BlackElo "1177"]
[PlyCount "121"]
[EventDate "2002.??.??"]
[EventType "swiss"]
[EventRounds "7"]
[EventCountry "GER"]
[SourceTitle "EXT 2003"]
[Source "ChessBase"]
[SourceDate "2002.11.25"]
[SourceVersion "1"]
[SourceVersionDate "2002.11.25"]
[SourceQuality "1"]

1. e4 c5 2. Bc4 d6 3. d3 Nf6 4. Bg5 e6 5. Nc3 Be7 6. Nf3 Nc6 7. a3 a6 8. Qd2 b5 9. Ba2 Ra7 10. 0-0 0-0 11. Rfe1 e5 12. Rad1 Rd7 13. Nd5 Nxd5 14. Bxd5 Bxg5 15. Qxg5 Qxg5 16. Nxg5 Nd4 17. Rc1 Bb7 18. Bxb7 Rxb7 19. Re3 f5 20. exf5 Rxf5 21. Ne4 Rd7 22. f3 Ne6 23. Kf2 d5 24. Ng3 Rg5 25. h4 d4 26. Re4 Rg6 27. Rxe5 c4 28. Ne4 cxd3 29. cxd3 Nf4 30. Rc8+ Kf7 31. Rf5+ Ke6 32. Rxf4 Ke5 33. Rff8 Re6 34. Rfe8 Rxe8 35. Rxe8+ Kf4 36. g3+ Kf5 37. Rf8+ Kg6 38. Rc8 h6 39. b3 Rd5 40. Rc6+ Kh7 41. Rxa6 Rd7 42. Rc6 Rd8 43. Rc5 Rf8 44. Rxb5 Kg6 45. Rc5 h5 46. a4 Kh7 47. a5 g5 48. hxg5 h4 49. gxh4 Kg6 50. b4 Kg7 51. b5 Rf7 52. a6 Kg6 53. Rc6+ Kh5 54. Kg3 Rf6 55. Nxf6+ Kg6 56. Ne4+ Kf5 57. a7 Ke5 58. a8Q Kf5 59. Qf8+ Ke5 60. Qf6+ Kd5 61. Qe6# 1-0